00805cam a22002411i 4500008004100000020002200041245005600063260005300119300003400172440006900206500004100275504002700316650002500343650005500368650003000423700002000453700002300473700001800496700002200514003000100536005001700537040000900554  a0521210933 (pbk.)00aProtein synthesis /cMichael A. Tribe ... [et al.]. aCambridge :bCambridge University Press ,c1976. avii, 103 p. :bill. ;c30 cm. aBasic biology course ; book 9 : Unit 3, Regulation within cells. aCataloging based on CIP information. aIncludes bibliography. 0aProteinsxSynthesis. 2aNucleic Acidsxphysiologyvprogrammed instruction. 2aBiosynthesis instruction. aSnook, Roger K. aEraut, Michael R.  aTallan, Irwin1 aTribe, Michael A.20230123133130.0 cNUST